000 00568nam a2200205 i 4500
001 97715
003 ES-MaACL
005 20231213062946.0
007 t|
008 050715s1972 sp ||||1| spa d
100 1 _aMarías, Julián,
_d1914-2005
_976688
245 1 4 _aLos españoles.
_n2 /
_cJulián Marías.
260 _aMadrid :
_bRevista de Occidente,
_c1972.
300 _a1 v. (162 p.) ;
_c18 cm.
490 1 _aEl alción
651 4 _aEspaña-
_xCivilización.
_98163
830 1 _aEl alción
_9184430
852 _aES-MaACL
_jP-1903
999 _c97715
_d97715